| 000 | 00505nam a22001577a 4500 | ||
|---|---|---|---|
| 008 | 230420b |||||||| |||| 00| 0 eng d | ||
| 040 |
_aNational Science Library _cNational Science Library |
||
| 080 |
_a666.94 _bK4 |
||
| 245 | _aChemistry of cements | ||
| 260 |
_aLondon: _bAcademic Press Inc. (London) Ltd, _c1964 |
||
| 500 | _aVol. 1 (1964; xi, 460p.) Vol. 2 (1964; xi, 442p.) | ||
| 650 | _aChemical technology | ||
| 653 | _aRaw materials | ||
| 700 | _aTaylor, H F W (Ed.) | ||
| 942 |
_2udc _cREF |
||
| 999 |
_c21837 _d21837 |
||